Normal view
MARC view
Entry Término temático
001 - NÚMERO DE CONTROL
- campo de control: 32216
003 - IDENTIFICADOR DEL NÚMERO DE CONTROL
- campo de control: OSt
005 - FECHA Y HORA DE LA ÚLTIMA TRANSACCIÓN
- campo de control: 20200615033332.0
008 - DATOS DE LONGITUD FIJA
- campo de control de longitud fija: 200615|| aca||aabn | a|a d
040 ## - FUENTE DE LA CATALOGACIÓN
- Centro catalogador/agencia de origen: OSt
- Centro/agencia transcriptor: OSt
150 ## - ENCABEZAMIENTO--TÉRMINO DE MATERIA
- Término de materia o nombre geográfico como elemento de entrada: Indians of Central America
- Subdivisión general: Congresses
670 ## - FUENTE DE DATOS ENCONTRADOS
- Cita de la fuente: Work cat.: (OSt)13864: Memoria del congreso sobre el Mundo Centroamericano de Su Tiempo (24 - 25 - 26 - y 27 de Agosto, 1978 : Nicoya, Costa Rica) 32214, Vo. centenario de Gonzalo Fernández de Oviedo :, [1980].
